00522nam a2200157 i 450000100060000000300090000600500170001500700030003200800410003510000220007624501400009825000130023826000640025130000280031585200210034330656ES-MaACL20230906154231.0t|030127s1933 fr ||||1| fre d1 aBatardon, Léon.10aTraité pratique des Societés commerciales b: aux points de une comptable, juridique et fiscal (avec formules) / cLeón Batardon. a7eme ed. aParis : bDunod., c1933 (eChartres : fLainé et Tantet) aXXIX, 914 p. ; c25 cm. aES-MaACLjA-2481